000 00362nam a2200157 i 4500
001 bg
100 1 _aDEUMLICH, Fritz
245 0 _aInstrumentenkunde der Vermessungstechnik /
_cF. Deumlich.
250 _a4 Aufl.
260 _aBerlin,
_c1967.
040 _cBPK
041 _apol
080 _a528.5
942 _cKS
008 s pl f |000 0 pol
999 _c8592
_d8592
856 _uhttp://koha.tu.koszalin.pl/cgi-bin/koha/opac-detail.pl?biblionumber=8592
_yKatalog online BPK